000
00357nam a2200133Ia 4500
008
151001s9999||||xx |||||||||||||| ||und||
100
_a
M N Roy
245
_a
Intelectual Roots of Modern Civilisation
250
_a
1
260
_b
Renissance
260
_c
2002
300
_a
127
365
_b
21
999
_c
983471
_d
983468